Französisches Essen - Wörter - Statistiken

Allgemein
  • Dieses Quiz wurde 1.206 mal gespielt
    806 seit der letzten Aktualisierung
  • Das Durchschnittsergebnis liegt bei 18 aus 24
Antwortstatistiken
Französisch Deutsch % Korrekt
Citron Zitrone
98%
Café Kaffee
97%
Vin Wein
97%
Champignon Pilz
96%
Sucre Zucker
95%
Fromage Käse
94%
Pain Brot
93%
Pomme de Terre Kartoffel
93%
Frites Pommes
93%
Eau Wasser
93%
Pomme Apfel
91%
Confiture Marmelade
89%
Oeuf Ei
84%
Beurre Butter
80%
Poisson Fisch
78%
Gâteau Kuchen
73%
Fraise Erdbeere
70%
Framboise Himbeere
60%
Miel Honig
56%
Menthe Minze
55%
Canard Ente
44%
Cerise Kirsche
42%
Lapin Kaninchen
34%
Foie Leber
31%
Keine übereinstimmenden Quizze gefunden
Verteilung der Resultate
Anzahl Personen mit jedem Resultat
Perzentil nach korrekt beantworteten Fragen
Ihre Resultats-Entwicklung
Sie haben dieses Quiz seit der letzten Aktualisierung nicht gespielt